000 00634nam a2200217Ia 4500
003 OSt
005 20250603122606.0
008 210210b1984 xxu||||| |||| 00| 0 eng d
040 _cAL
041 _aKannada
082 _aK894.3 SHIN
100 _aSHIVASHANKARI
_dಶಿವಶಂಕರಿ
_9212560
245 _aNalvattelu dinagalu
_bನಲ್ವತ್ತೇಳು ದಿನಗಳು
260 _aBengaluru
_bPrakasha Sahitya
_c1984
300 _a220
650 _aChitralekha
_9212561
690 _aKannada Fiction
_9212562
700 _aChitralekha
_dಚಿತ್ರಲೇಖ tr
_9212563
906 _a038677
942 _2ddc
_cBK
999 _c88478
_d88478